| 000 | 00422nam a2200157Ia 4500 | ||
|---|---|---|---|
| 005 | 20250430032230.0 | ||
| 008 | 240331s9999 xx 000 0 und d | ||
| 020 | _a9556520023 | ||
| 082 |
_bSIN _a891 |
||
| 100 | _aSinhaarachchi,C.L | ||
| 245 | 0 | _aSri kantha saha rajalakshmee | |
| 260 |
_aMulleria _bwijasurya granate kentra publishers _c1998 |
||
| 300 | _a277 p ., | ||
| 500 | _aTranslation wanga to Sinhala | ||
| 942 | _cL | ||
| 999 |
_c4804 _d4804 |
||